[Event "4NCL/Div4/LIT1 vs. PPA2"]
[Site "Sunningdale ENG"]
[Date "2008.03.15"]
[Round "7.3"]
[White "Winfridsson, Ola"]
[Black "Hewitt, Sean D"]
[Result "1-0"]
[WhiteElo "2108"]
[BlackElo "2005"]
[PlyCount "61"]
[EventDate "2008.03.15"]
[EventType "team"]
[EventRounds "11"]
[EventCountry "ENG"]
[SourceDate "2007.09.15"]

1. d4 Nf6 2. c4 g6 3. g3 Bg7 4. Bg2 O-O 5. Nf3 d6 6. O-O c6 7. Qc2 Nbd7 8. e4
e5 9. Rd1 Qc7 10. Nc3 Re8 11. b3 b5 12. Ba3 exd4 13. Nxd4 Rb8 14. Nxc6 Qxc6 15.
e5 d5 16. cxd5 Qb6 17. exf6 Nxf6 18. Qd2 Bb7 19. Bb2 Rbd8 20. Re1 a6 21. Rad1
Qd6 22. Ne4 Nxe4 23. Rxe4 Rxe4 24. Bxe4 Bxb2 25. Qxb2 Re8 26. Qd4 f5 27. Bg2
Re7 28. Bf3 Re5 29. b4 Kf7 30. Qc5 Ke7 31. Qa7 1-0

[Event "4NCL/Div4/LIT1 vs. PPA2"]
[Site "Sunningdale ENG"]
[Date "2008.03.16"]
[Round "7.4"]
[White "McCorry, Robert T"]
[Black "Jaszkiwskyj, Peter"]
[Result "1/2-1/2"]
[WhiteElo "2103"]
[BlackElo "2005"]
[PlyCount "144"]
[EventDate "2008.03.15"]
[EventType "team"]
[EventRounds "11"]
[EventCountry "ENG"]
[SourceDate "2007.09.15"]

1. e4 e5 2. Nf3 Nc6 3. d4 exd4 4. Nxd4 Nf6 5. Nxc6 bxc6 6. e5 Qe7 7. Qe2 Nd5 8.
c4 Nb6 9. b3 a5 10. Bb2 a4 11. g3 axb3 12. axb3 Qb4+ 13. Nd2 Rxa1+ 14. Bxa1 Qa3
15. Qd1 Bb4 16. Bg2 O-O 17. O-O Bxd2 18. Qxd2 Qxb3 19. c5 Nd5 20. Rd1 Bb7 21.
Be4 Ra8 22. Rb1 Qc4 23. Bd3 Qg4 24. Be2 Qe4 25. Bd3 Qf3 26. Bf1 Bc8 27. Bg2 Qf5
28. Rd1 Qe6 29. Qg5 Qe7 30. Qc1 Ra5 31. Bd4 Ba6 32. Qb2 Rb5 33. Qa3 Bb7 34. Qa7
Qe8 35. Bf1 Rb4 36. Bg2 Qa8 37. Qxa8+ Bxa8 38. Bh3 Kf8 39. Bxd7 Ke7 40. Bh3 Bb7
41. f4 Ba6 42. Bf2 g6 43. Ra1 Bd3 44. Bg2 h5 45. Bf3 Ke6 46. Rd1 Bb5 47. Bg2
Be2 48. Bh3+ Bg4 49. Bxg4+ hxg4 50. Rd2 Rc4 51. Kg2 Rc1 52. h3 gxh3+ 53. Kxh3
Nc3 54. Bd4 Ne4 55. Rd3 Nxc5 56. Bxc5 Rxc5 57. Rd8 Rd5 58. Re8+ Kd7 59. Rf8 Ke7
60. Rc8 Rd7 61. Ra8 c5 62. Ra3 Rd5 63. Rc3 Kd7 64. Kg4 Kc6 65. Kg5 Kb5 66. Kf6
Kb4 67. Rc1 Rd7 68. Rb1+ Ka4 69. Rc1 Kb5 70. Rb1+ Kc6 71. Rc1 Kb5 72. Rb1+ Kc6
1/2-1/2

[Event "4NCL/Div4/LIT1 vs. PPA2"]
[Site "Sunningdale ENG"]
[Date "2008.03.15"]
[Round "7.5"]
[White "Clarke, Brandon"]
[Black "McMahon, Paul"]
[Result "1/2-1/2"]
[WhiteElo "1888"]
[BlackElo "2034"]
[PlyCount "128"]
[EventDate "2008.03.15"]
[EventType "team"]
[EventRounds "11"]
[EventCountry "ENG"]
[SourceDate "2007.09.15"]

1. e4 d5 2. exd5 Qxd5 3. Nc3 Qd6 4. d4 Nf6 5. Bc4 a6 6. Nf3 b5 7. Bb3 Bb7 8.
Ne5 e6 9. Bf4 Qb6 10. d5 Bc5 11. O-O O-O 12. dxe6 fxe6 13. a4 b4 14. a5 Qd6 15.
Qxd6 cxd6 16. Bxe6+ Kh8 17. Na4 dxe5 18. Nxc5 Bxg2 19. Kxg2 exf4 20. Nd3 Nc6
21. Nxf4 Rad8 22. Rfd1 Ne4 23. Bd5 Rxf4 24. Bxc6 Rdf8 25. Bxe4 Rxe4 26. Re1
Rg4+ 27. Kf1 Rc4 28. Re2 h6 29. Ra4 Rfc8 30. Ke1 Kg8 31. b3 R4c5 32. Rxb4 Rxa5
33. Rb7 Ra1+ 34. Kd2 Ra2 35. Kc1 Ra1+ 36. Kb2 Rh1 37. Ree7 Rxh2 38. Rxg7+ Kh8
39. Rh7+ Kg8 40. Rbg7+ Kf8 41. Rg6 Rxf2 42. Rxa6 Rfxc2+ 43. Ka3 R2c6 {=} 44.
Raa7 Kg8 45. Rag7+ Kf8 46. b4 Rb6 47. Rg4 Rcb8 48. Kb3 R8b7 49. Rxb7 Rxb7 50.
Kc4 Kf7 51. Kc5 Kf6 52. b5 h5 53. Rg1 h4 54. Kc6 Rh7 55. b6 Kf5 56. b7 Rh8 57.
Rg7 Rb8 58. Rh7 Kg4 59. Kc7 Rxb7+ 60. Kxb7 h3 61. Kc6 Kg3 62. Kd5 h2 63. Ke4
Kg2 64. Rxh2+ Kxh2 1/2-1/2

[Event "4NCL/Div4/LIT1 vs. PPA2"]
[Site "Sunningdale ENG"]
[Date "2008.03.16"]
[Round "7.6"]
[White "Bryant, Kevin"]
[Black "Lawrence, Roy"]
[Result "0-1"]
[WhiteElo "1920"]
[BlackElo "1820"]
[PlyCount "72"]
[EventDate "2008.03.15"]
[EventType "team"]
[EventRounds "11"]
[EventCountry "ENG"]
[SourceDate "2007.09.15"]

1. e4 g6 2. d4 Bg7 3. Nc3 d6 4. f4 Nf6 5. Nf3 Bg4 6. e5 dxe5 7. fxe5 Nd5 8. h3
Bxf3 9. Qxf3 e6 10. Bb5+ c6 11. O-O O-O 12. Bc4 Nb6 13. Qd3 Nxc4 14. Qxc4 Nd7
15. Ne4 h6 16. Bd2 c5 17. c3 cxd4 18. cxd4 Nb6 19. Qc3 Rc8 20. Qe3 Nc4 21. Qf2
Nxd2 22. Nxd2 Rc2 23. Qe3 Qd5 24. Nf3 Rxb2 25. Qa3 Qb5 26. Rf2 Rxf2 27. Kxf2
Rc8 28. Rc1 Rxc1 29. Qxc1 Qd5 30. Qc2 b5 31. Ke3 a5 32. g4 Bf8 33. Qb3 Qc6 34.
Nh4 Qc1+ 35. Kf2 Qd2+ 36. Kg3 Qe1+ 0-1

[Event "4NCL/Div4/PPA2 vs. CONQ1"]
[Site "Sunningdale ENG"]
[Date "2008.03.15"]
[Round "7.1"]
[White "Richter, Hans"]
[Black "Bailey, Kevin"]
[Result "0-1"]
[WhiteElo "2144"]
[BlackElo "2103"]
[PlyCount "152"]
[EventDate "2008.03.15"]
[EventType "team"]
[EventRounds "11"]
[EventCountry "ENG"]
[SourceDate "2007.09.15"]

1. d4 d5 2. c4 Nc6 3. cxd5 Qxd5 4. e3 e5 5. Nc3 Bb4 6. Bd2 Bxc3 7. bxc3 Nf6 8.
f3 e4 9. Qb3 Qf5 10. Qb5 O-O 11. Qxf5 Bxf5 12. Ne2 Rfe8 13. h4 exf3 14. gxf3
Bd3 15. Nf4 Bxf1 16. Kxf1 Na5 17. Kf2 Nc4 18. Bc1 Rad8 19. Rb1 b6 20. Rb4 Nd6
21. Rg1 Nb7 22. Ra4 a5 23. c4 Nd7 24. Bb2 Kf8 25. Nd3 Re6 26. Nf4 Ree8 27. Ra3
Nd6 28. Rc3 Nf5 29. h5 c6 30. Rg5 g6 31. hxg6 hxg6 32. d5 Nc5 33. Ba3 Kg7 34.
e4 Nd6 35. Rc1 Ndxe4+ 36. fxe4 Nxe4+ 37. Kg2 Nxg5 38. dxc6 Rc8 39. Bb2+ f6 40.
c7 Re4 41. Rf1 Rxc4 42. Nd5 Rc2+ 43. Rf2 Rxf2+ 44. Kxf2 Kf7 45. Bd4 Ke6 46. Ne3
Rxc7 47. Bxb6 Rb7 48. Bd4 Rb4 49. Ba7 Rb2+ 50. Kg3 Rxa2 51. Nc4 a4 52. Kf4 Rc2
53. Ne3 Rf2+ 54. Kg4 Rf3 55. Bd4 a3 56. Nc2 Rd3 57. Ba1 a2 58. Nb4 Rd1 59. Bxf6
Kxf6 60. Nxa2 Rd4+ 61. Kg3 Rc4 62. Kf2 Rc2+ 63. Ke3 Rxa2 64. Kd4 Re2 65. Kd5
Nf7 66. Kd4 g5 67. Kd3 Re5 68. Kd4 g4 69. Kd3 g3 70. Kd4 g2 71. Kc4 g1=Q 72.
Kb4 Qd4+ 73. Kb3 Re3+ 74. Kc2 Qf4 75. Kd2 Qf2+ 76. Kc1 Re1# 0-1

[Event "4NCL/Div4/PPA2 vs. CONQ1"]
[Site "Sunningdale ENG"]
[Date "2008.03.16"]
[Round "7.2"]
[White "Dignam, Matthew"]
[Black "Ynojosa, Felix J"]
[Result "0-1"]
[WhiteElo "2139"]
[BlackElo "2098"]
[PlyCount "22"]
[EventDate "2008.03.15"]
[EventType "team"]
[EventRounds "11"]
[EventCountry "ENG"]
[SourceDate "2007.09.15"]

1. d4 Nf6 2. c4 c5 3. dxc5 e5 4. Bg5 Bxc5 5. e3 Qa5+ 6. Ke2 Ne4 7. Bh4 Nc6 8.
f3 Nd6 9. Qd5 Qb6 10. Kd1 Nf5 11. Bf2 Bxe3 0-1

[Event "4NCL/Div4/PPA2 vs. CONQ1"]
[Site "Sunningdale ENG"]
[Date "2008.03.15"]
[Round "7.3"]
[White "Foster, James C"]
[Black "Winfridsson, Ola"]
[Result "0-1"]
[WhiteElo "1970"]
[BlackElo "2108"]
[PlyCount "56"]
[EventDate "2008.03.15"]
[EventType "team"]
[EventRounds "11"]
[EventCountry "ENG"]
[SourceDate "2007.09.15"]

1. e4 c6 2. d4 d5 3. e5 Bf5 4. Ne2 e6 5. Ng3 Bg6 6. h4 h5 7. Bd3 Ne7 8. Nd2 Nd7
9. Nf3 c5 10. dxc5 Nxc5 11. Bb5+ Nc6 12. Nd4 Qc7 13. O-O a6 14. Bxc6+ bxc6 15.
f4 Ne4 16. Nxe4 Bxe4 17. f5 exf5 18. e6 fxe6 19. Nxe6 Qg3 20. Qe2 Bd6 21. Bf4
Bxf4 22. Rxf4 Ke7 23. Rxe4 fxe4 24. Nd4 Rhf8 25. c4 Qd3 26. Nxc6+ Kd6 27. Qxh5
Kxc6 28. cxd5+ Kb6 0-1

[Event "4NCL/Div4/PPA2 vs. CONQ1"]
[Site "Sunningdale ENG"]
[Date "2008.03.16"]
[Round "7.4"]
[White "Cork, David J"]
[Black "McCorry, Robert T"]
[Result "1-0"]
[WhiteElo "2019"]
[BlackElo "2103"]
[PlyCount "65"]
[EventDate "2008.03.15"]
[EventType "team"]
[EventRounds "11"]
[EventCountry "ENG"]
[SourceDate "2007.09.15"]

1. e4 Nc6 2. d4 d5 3. e5 Bf5 4. c3 Qd7 5. Bd3 Bxd3 6. Qxd3 f6 7. f4 fxe5 8.
fxe5 e6 9. Nf3 Nge7 10. O-O Nf5 11. a4 Be7 12. Bg5 O-O-O 13. Bxe7 Qxe7 14. a5
g5 15. Nfd2 Rdf8 16. Nb3 Rf7 17. Nc5 Nxe5 18. Qe2 Nc4 19. Na3 Nce3 20. Rf3 e5
21. Rxe3 Nxe3 22. Qxe3 e4 23. Qh3+ Kb8 24. Nc2 h5 25. Nb4 g4 26. Qg3 Qg5 27. a6
h4 28. axb7 Rh6 29. Nba6+ Rxa6 30. Nxa6+ Kxb7 31. Nc5+ Kb8 32. Qe5 Qd8 33. Qe6
1-0

[Event "4NCL/Div4/PPA2 vs. CONQ1"]
[Site "Sunningdale ENG"]
[Date "2008.03.15"]
[Round "7.5"]
[White "McMahon, Paul"]
[Black "Auckland, Elliott"]
[Result "1/2-1/2"]
[WhiteElo "2034"]
[BlackElo "1925"]
[PlyCount "99"]
[EventDate "2008.03.15"]
[EventType "team"]
[EventRounds "11"]
[EventCountry "ENG"]
[SourceDate "2007.09.15"]

1. Nc3 d5 2. e4 d4 3. Nce2 c5 4. Ng3 Nc6 5. Bc4 a6 6. Nf3 e6 7. a4 Qc7 8. d3
Bd6 9. O-O Nf6 10. c3 Rb8 11. Nh4 b5 12. axb5 axb5 13. Bb3 Be7 14. f4 Qb6 15.
Kh1 h5 16. Qe1 Qd8 17. e5 Nd5 18. Nf3 Nb6 19. cxd4 Nxd4 20. Nxd4 cxd4 21. Bd2
Nd5 22. Ne4 Bb7 23. Qf2 f5 24. exf6 Bxf6 25. f5 e5 26. Nc5 Qd6 27. Nxb7 Rxb7
28. Ra8+ Bd8 29. Qf3 Rd7 30. Ba5 Nc7 31. Bxc7 Rxc7 32. Be6 Rh6 33. Qe2 Rc5 34.
h3 Qc6 35. Rc8 {=} Qd6 36. Rxc5 Qxc5 37. Qd2 Bc7 38. Rc1 Qd6 39. Qc2 Kd8 40.
Qc5 Rf6 41. Qxb5 e4 42. g3 e3 43. Qb7 Rxe6 44. fxe6 e2 45. Qe4 Ke7 46. Qg6 Qc6+
47. Rxc6 e1=Q+ 48. Kg2 Qe2+ 49. Kg1 Qe1+ 50. Kg2 1/2-1/2

[Event "4NCL/Div4/PPA2 vs. CONQ1"]
[Site "Sunningdale ENG"]
[Date "2008.03.16"]
[Round "7.6"]
[White "Lawrence, Roy"]
[Black "Suarez Prendes, Rufino"]
[Result "1/2-1/2"]
[WhiteElo "1820"]
[BlackElo "1886"]
[PlyCount "87"]
[EventDate "2008.03.15"]
[EventType "team"]
[EventRounds "11"]
[EventCountry "ENG"]
[SourceDate "2007.09.15"]

1. d4 Nf6 2. Nf3 g6 3. c4 Bg7 4. Nc3 d6 5. e4 O-O 6. h3 Nc6 7. d5 Nb8 8. Be3 c6
9. Qd2 cxd5 10. cxd5 a6 11. Bd3 Nbd7 12. Rc1 Qa5 13. O-O b5 14. Bb1 Bb7 15. Bh6
b4 16. Ne2 Nc5 17. Bxg7 Kxg7 18. Ng3 Qb6 19. Qg5 Bc8 20. Nh4 Kh8 21. Qh6 Rg8
22. e5 dxe5 23. Nf3 e4 24. Ng5 Rg7 25. N3xe4 Ncxe4 26. Bxe4 Nxe4 27. Nxe4 Bd7
28. Rfd1 f6 29. d6 Bf5 30. d7 Bxe4 31. Rc8+ Rg8 32. Qf4 Bf5 33. Rxg8+ Rxg8 34.
g4 Be6 35. g5 Rf8 36. gxf6 Bxd7 37. Rxd7 Qxf6 38. Qxf6+ exf6 39. Ra7 b3 40.
axb3 Rb8 41. Rxa6 Rxb3 42. Rxf6 Kg7 43. Rc6 Rxb2 44. Kg2 1/2-1/2

[Event "4NCL/Div4/CONQ1 vs. LIT1"]
[Site "Sunningdale ENG"]
[Date "2008.03.15"]
[Round "7.1"]
[White "Bailey, Kevin"]
[Black "Gibson, Christopher A"]
[Result "1-0"]
[WhiteElo "2103"]
[BlackElo "2019"]
[PlyCount "55"]
[EventDate "2008.03.15"]
[EventType "team"]
[EventRounds "11"]
[EventCountry "ENG"]
[SourceDate "2007.09.15"]

1. e4 c5 2. Nf3 d6 3. d4 cxd4 4. Nxd4 Nf6 5. Nc3 a6 6. Bg5 e6 7. f4 Qc7 8. Bxf6
gxf6 9. Qd2 Nc6 10. O-O-O Bd7 11. Bc4 O-O-O 12. Nxc6 Bxc6 13. Bb3 h5 14. Kb1
Be7 15. f5 Bd7 16. Ne2 d5 17. fxe6 fxe6 18. exd5 exd5 19. Bxd5 Bc6 20. Nf4 Rd6
21. Qe3 Rhd8 22. c4 Bf8 23. Qa7 Qb8 24. Qf2 Bh6 25. Ne6 Re8 26. Qxf6 Bd7 27.
Qxh6 Bxe6 28. Qxh5 1-0

[Event "4NCL/Div4/CONQ1 vs. LIT1"]
[Site "Sunningdale ENG"]
[Date "2008.03.16"]
[Round "7.2"]
[White "Ynojosa, Felix J"]
[Black "Byron, Alan M"]
[Result "0-1"]
[WhiteElo "2098"]
[BlackElo "2229"]
[PlyCount "132"]
[EventDate "2008.03.15"]
[EventType "team"]
[EventRounds "11"]
[EventCountry "ENG"]
[SourceDate "2007.09.15"]

1. e4 c5 2. c3 d6 3. d4 Nc6 4. Nf3 Bg4 5. Bc4 e6 6. d5 exd5 7. exd5 Ne5 8. Bb5+
Bd7 9. Bxd7+ Qxd7 10. O-O Ng6 11. c4 Be7 12. Re1 Nf6 13. Nc3 O-O 14. h3 Rae8
15. Qd3 a6 16. a4 Nh5 17. Ng5 Bxg5 18. Bxg5 f5 19. Qf3 Nf6 20. Rxe8 Nxe8 21.
Bf4 Nf6 22. Re1 Nxf4 23. Qxf4 Re8 24. Rxe8+ Nxe8 25. b3 Nf6 26. Ne2 Qe7 27. Ng3
g6 28. Qd2 Kf7 29. Ne2 Ne4 30. Qh6 Ke8 31. Nf4 Nd2 32. Ne6 Nxb3 33. Qe3 Nd4 34.
Nxd4 cxd4 35. Qxd4 Kd8 36. Qb6+ Kc8 37. f4 Qe1+ 38. Kh2 Qe7 39. c5 Qc7 40. Qb2
dxc5 41. Qh8+ Qd8 42. Qe5 b6 43. d6 a5 44. Qd5 Kd7 45. Kg3 Qb8 46. Qf7+ Kxd6
47. Qxh7 Qe8 48. Kf2 c4 49. Qg7 Kc5 50. g4 Qe6 51. gxf5 Qxf5 52. Qc7+ Kb4 53.
Qxb6+ Kxa4 54. Qc6+ Kb3 55. Qb7+ Kc2 56. Kg3 a4 57. Qg2+ Kc3 58. Qa2 Qc2 59.
Qa3+ Qb3 60. Qc1+ Kb4+ 61. Kg4 c3 62. Qe1 Qc2 63. Qe7+ Kb3 64. Qe6+ Kb2 65.
Qb6+ Ka1 66. Qd6 Qb3 0-1

[Event "4NCL/Div4/CONQ1 vs. LIT1"]
[Site "Sunningdale ENG"]
[Date "2008.03.15"]
[Round "7.3"]
[White "Jaszkiwskyj, Peter"]
[Black "Foster, James C"]
[Result "1-0"]
[WhiteElo "2005"]
[BlackElo "1970"]
[PlyCount "65"]
[EventDate "2008.03.15"]
[EventType "team"]
[EventRounds "11"]
[EventCountry "ENG"]
[SourceDate "2007.09.15"]

1. d4 d6 2. e4 Nd7 3. f4 g6 4. Nf3 Bg7 5. Bd3 c5 6. c3 e6 7. O-O Ne7 8. Be3 O-O
9. Na3 a6 10. Nc4 Qc7 11. a4 d5 12. Ncd2 Rb8 13. Qe2 c4 14. Bc2 b5 15. axb5
axb5 16. Ne5 Nb6 17. Ra2 f6 18. Nef3 Bb7 19. Rfa1 Rbe8 20. e5 Nc6 21. exf6 Rxf6
22. Ne5 Ne7 23. Ra5 Bc6 24. Ndf3 Rff8 25. Ng5 Nec8 26. Qg4 Nd6 27. Ra7 Bb7 28.
Qh3 Bxe5 29. dxe5 Ndc8 30. Nxe6 Qe7 31. Nxf8 Nxa7 32. Bxb6 Nc8 33. Nd7 1-0

[Event "4NCL/Div4/CONQ1 vs. LIT1"]
[Site "Sunningdale ENG"]
[Date "2008.03.16"]
[Round "7.4"]
[White "Hewitt, Sean D"]
[Black "Cork, David J"]
[Result "1/2-1/2"]
[WhiteElo "2005"]
[BlackElo "2019"]
[PlyCount "67"]
[EventDate "2008.03.15"]
[EventType "team"]
[EventRounds "11"]
[EventCountry "ENG"]
[SourceDate "2007.09.15"]

1. e4 c5 2. Nc3 Nc6 3. f4 g6 4. Nf3 Bg7 5. Bc4 e6 6. O-O Nge7 7. Qe1 O-O 8. d3
d5 9. Bb3 a6 10. a4 Rb8 11. Ne2 b5 12. axb5 axb5 13. c3 c4 14. Bc2 Bb7 15. Ng3
cxd3 16. Bxd3 dxe4 17. Bxe4 Na5 18. Bc2 Nc4 19. Ne4 Qb6+ 20. Kh1 Nf5 21. Ng3
Nfe3 22. Rf2 Bxf3 23. gxf3 Bh6 24. f5 Nxc2 25. Rxc2 Bxc1 26. Raxc1 exf5 27. Re2
Qc6 28. Kg2 Rfe8 29. Rcc2 f4 30. Nf1 Rxe2+ 31. Rxe2 Kf8 32. Qh4 Kg7 33. Qxf4
Qd6 34. Qg3 1/2-1/2

[Event "4NCL/Div4/CONQ1 vs. LIT1"]
[Site "Sunningdale ENG"]
[Date "2008.03.15"]
[Round "7.5"]
[White "Auckland, Elliott"]
[Black "Bryant, Kevin"]
[Result "1-0"]
[WhiteElo "1925"]
[BlackElo "1920"]
[PlyCount "61"]
[EventDate "2008.03.15"]
[EventType "team"]
[EventRounds "11"]
[EventCountry "ENG"]
[SourceDate "2007.09.15"]

1. d4 d6 2. c4 e5 3. d5 f5 4. Nc3 Nf6 5. Qc2 Be7 6. e4 f4 7. g3 fxg3 8. hxg3 c5
9. Bh3 a6 10. a4 Bg4 11. Bxg4 Nxg4 12. Nh3 Nd7 13. Qe2 Ngf6 14. Nd1 b5 15. axb5
axb5 16. Rxa8 Qxa8 17. cxb5 Qa4 18. Nc3 Qb4 19. Ng5 O-O 20. O-O c4 21. Ne6 Rc8
22. Be3 Bd8 23. Ra1 Bb6 24. Bxb6 Nxb6 25. Ra7 Nbd7 26. Qc2 Nc5 27. Rxg7+ Kh8
28. Rf7 Ncxe4 29. Kg2 Nxc3 30. bxc3 Qb3 31. Qf5 1-0

[Event "4NCL/Div4/CONQ1 vs. LIT1"]
[Site "Sunningdale ENG"]
[Date "2008.03.16"]
[Round "7.6"]
[White "Suarez Prendes, Rufino"]
[Black "Clarke, Brandon"]
[Result "0-1"]
[WhiteElo "1886"]
[BlackElo "1888"]
[PlyCount "46"]
[EventDate "2008.03.15"]
[EventType "team"]
[EventRounds "11"]
[EventCountry "ENG"]
[SourceDate "2007.09.15"]

1. e4 c5 2. Nc3 Nc6 3. g3 g6 4. Bg2 Bg7 5. d3 e6 6. Be3 d6 7. Qd2 Rb8 8. Nge2
b5 9. O-O b4 10. Nd1 Nd4 11. c3 Nxe2+ 12. Qxe2 bxc3 13. Nxc3 Ne7 14. f4 Ba6 15.
f5 Nc6 16. fxe6 fxe6 17. Qg4 Qd7 18. Rf2 Ne5 19. Qh4 Nxd3 20. Rd2 Rxb2 21. Rxb2
Nxb2 22. Bd2 Nd3 23. Rb1 Bd4+ 0-1

[Event "4NCL/Div4/repaired - friendly"]
[Site "Sunningdale ENG"]
[Date "2008.03.15"]
[Round "7"]
[White "Buttell, David"]
[Black "Ruthen, Steven"]
[Result "0-1"]
[WhiteElo "1755"]
[BlackElo "2050"]
[PlyCount "52"]
[EventDate "2008.03.15"]
[EventType "game"]
[EventCountry "ENG"]
[SourceDate "2007.09.15"]

1. d4 Nf6 2. c4 g6 3. f3 Bg7 4. e4 d6 5. Nc3 O-O 6. Be3 e5 7. Qd2 exd4 8. Bxd4
Nc6 9. Be3 Ne5 10. O-O-O Be6 11. b3 a6 12. h4 b5 13. cxb5 axb5 14. Bxb5 Ra5 15.
Ba4 Qa8 16. Qc2 Rb8 17. Nge2 Bd7 18. Bxd7 Nfxd7 19. h5 Nc6 20. hxg6 hxg6 21.
Qd2 Nb4 22. Bd4 Ne5 23. Bxe5 Bxe5 24. Kb1 Nxa2 25. Nd4 Nxc3+ 26. Qxc3 c5 0-1